000 00556nam a2200193Ia 4500
005 20250923145650.0
008 008 250917s9999 xx 000 0 eng d
037 _aTextual
040 _aDSWL
_beng
_cDSWL
041 _aeng
_2eng
084 _aX755:4.2Q72, N81
_qDSWL
245 0 _aAid and influence : The case of Bangladesh
_cEd. by J.Faaland
260 _aLondon
_bMacmillan
_c1981
300 _axii,202 p.
365 _aINR
_b284.40
925 _g284.40
942 _cTEXL
_hX755:4.2Q72, N81
999 _c1454117
_d1454117